Diálogos Tomo I: La República
Guardat en:
| Autor principal: | |
|---|---|
| Format: | Llibre |
| Idioma: | Undetermined |
| Publicat: |
Bogotá, Colombia
Ediciones Universales
[s.f.]
|
| Matèries: | |
| Etiquetes: |
Afegir etiqueta
Sense etiquetes, Sigues el primer a etiquetar aquest registre!
|
MARC
| LEADER | 00000nam a2200000Ia 4500 | ||
|---|---|---|---|
| 008 | 170316s9999 xx 000 0 und d | ||
| 090 | |a 100 P-26r v.1 | ||
| 100 | |a Platón | ||
| 245 | |a Diálogos Tomo I: La República | ||
| 260 | |a Bogotá, Colombia | ||
| 260 | |b Ediciones Universales | ||
| 260 | |c [s.f.] | ||
| 300 | |a 367 páginas | ||
| 650 | |a FILOSOFÍA GRIEGA | ||
| 999 | |c 17340 |d 17340 | ||
| 040 | |a cru BVZT | ||
| 942 | |c 15 D |h 100 P-26r v.1 |2 z | ||
